Calculation design and testing of reinforced concrete (Record no. 547095)
[ view plain ]
| 000 -LEADER | |
|---|---|
| fixed length control field | 00402nam a22001337a 4500 |
| 082 ## - DEWEY DECIMAL CLASSIFICATION NUMBER | |
| Classification number | 624.18341 |
| Author Mark | RAO |
| 100 ## - MAIN ENTRY--PERSONAL NAME | |
| Personal name | Rao, K.L |
| 9 (RLIN) | 26908 |
| 245 ## - TITLE STATEMENT | |
| Title | Calculation design and testing of reinforced concrete |
| Statement of responsibility, etc. | Rao, K.L |
| 260 ## - PUBLICATION, DISTRIBUTION, ETC. | |
| Place of publication, distribution, etc. | Tulsi Sadan, India |
| Name of publisher, distributor, etc. | Charotar Book Stall |
| Date of publication, distribution, etc. | c1963. |
| 300 ## - PHYSICAL DESCRIPTION | |
| Extent | vii, p 574. |
| Other physical details | ill. |
| Dimensions | 16cm |
| 526 ## - STUDY PROGRAM INFORMATION NOTE | |
| Program name | 0 |
| Interest level | 0 |
| Reading level | 0 |
| Title point value | 624_183410000000000_RAO |
| 650 ## - SUBJECT ADDED ENTRY--TOPICAL TERM | |
| Topical term or geographic name entry element | MCE |
| 9 (RLIN) | 379 |
| 942 ## - ADDED ENTRY ELEMENTS (KOHA) | |
| Source of classification or shelving scheme | |
| Koha item type | Book |
| Withdrawn status | Lost status | Source of classification or shelving scheme | Damaged status | Not for loan | Permanent Location | Current Location | Date acquired | Total Checkouts | Full call number | Barcode | Date last seen | Price effective from | Koha item type |
|---|---|---|---|---|---|---|---|---|---|---|---|---|---|
| Military College of Engineering (MCE) | Military College of Engineering (MCE) | 07/01/2014 | 624.18341 RAO | MCE-2400 | 07/01/2014 | 07/01/2014 | Book |
